000 01205nam a22002777a 4500
005 20100929150353.0
008 100928t xxu||||| |||| 00| 0 hin d
010 _aHIN-90684
020 _c150.00
_a9788179320204
035 _aHN-63030
037 _bDBAD / PUB
040 _aDPL
_bHN
082 _a821
100 _922145
_aतिवारी, रमा
245 _aमानवी:
_cरमा तिवारी
_bमेरे भारत की /
246 _aManvi
_bby Rama Tiwari
260 _aजयपुर
_bसाहित्य चन्द्रिका प्रकाशन
_c2010
270 _a24, न्यू पिंकसिटी मार्केट, सिध्देश्वर मन्दिर के पीछे, पंचवटी
_bजयपुर
300 _a124पृ.
_c22सेमी (सजिल्द)
650 _91169
_aहिन्दी कविता
650 _aHindi Poetry
_922409
700 _922273
700 _922352
942 _2ddc
_cHN
_h821
_mतिवारी
999 _c47998
_d47998